01244nac a22002891i 4500003000900000005001700009008004100026020001500067040004300082082002400125100005500149245020900204264005800413264001000471300007500481336002600556337002800582338002700610504004100637650003900678650003900717655001700756700003100773942001200804999001500816952012300831EG-ScBUE20240328121345.0240328t1987 n a f b 000 0 eng d a0816013152 aEG-ScBUEbengerdacEG-ScBUEdEG-ScBUE04a940.210321bBER2221 aBergin, Thomas Goddard, d1904-1987.eauthor.10aEncyclopedia of the renaissance /cThomas G. Bergin, consulting editor, sterling professor emeritus romance languages, Yale University, Jennifer Speake, general editor, Market House Books Ltd., Aylesbury. 1aNew York, N.Y. :bFacts on File Publications,c[1987] 4cc1987 a454 pages, [32] pages of plates :billustrations (some color) ;c29 cm 2rdacontentatextbtxt aunmediated2rdamediabn avolumebnc2rdacarrier aIncludes bibliographical references. 7aRenaissancevEncyclopedias.2BUEsh 7aReformationvEncyclopedias.2BUEsh vReading book1 aSpeake, Jennifer,eauthor. cNB2ddc c7299d7299 00102ddc40708AlahramaMAINbMAINc2NDd2008-01-20ePurchasel0o940.210321 BERp000039408r2025-07-15 00:00:00yNB